| 000 | 00864nas a2200277 4500 | ||
|---|---|---|---|
| 001 | BR0301068 | ||
| 003 | BR-BrBNA | ||
| 005 | 20231205103609.0 | ||
| 007 | ta | ||
| 008 | 230509b bl.|||p| |||| 00| 00por d | ||
| 040 |
_aBR-BrBNA _bpor _cBiblioteca Nacional de Agricultura |
||
| 041 | _a(Pt) | ||
| 072 | _aQ03 | ||
| 100 | 1 | _aMelo, E. de A. | |
| 100 | 1 | _aGuerra, N.B. | |
| 245 | 1 | _aAção antioxidante de compostos fenólicos naturalmente presentes em alimentos | |
| 650 | _aALIMENTO | ||
| 650 | _aOXIDAÇÃO | ||
| 650 | _aLIPÍDIO | ||
| 650 | _aREAÇÃO QUÍMICA | ||
| 650 | _aANTIOXIDANTE | ||
| 650 | _aCOMPOSTO FENÓLICO | ||
| 773 | 0 |
_tBoletim da Sociedade Brasileira de Ciência e Tecnologia de Alimentos (Brazil) _xISSN 0101-3637 _g(Jan-Jun 2002), v. 36(1) p. 1-11 _wBR0301068 |
|
| 909 |
_a202311 _bLúcia _c55 _dLúcia Elande |
||
| 942 |
_2AGRIS _n0 _cANA |
||
| 999 |
_c173732 _d173732 |
||